| 000 | 00564nam a2200193Ia 4500 | ||
|---|---|---|---|
| 003 | GCL | ||
| 008 | 140319s9999 xx 000 0 ara d | ||
| 040 |
_aGCL / _cGCL |
||
| 082 | 0 | 4 |
_a616.622 _bح ح |
| 100 | 1 | _aحسين امين | |
| 245 | 1 | 0 |
_aحصوات الكلى: وقاية وعلاج وتاريخ / _cحسين امين |
| 490 |
_aالمكتبة الطبية _v0 |
||
| 650 | 0 | 4 | _aالوراثة |
| 650 | 0 | 4 | _aالجهاز البولى |
| 650 | 0 | 4 | _aالطب الباطنى |
| 650 | 0 | 4 | _aالكلى - امراض |
| 650 | 0 | 4 | _aالبول |
| 942 |
_2ddc _cBK |
||
| 999 |
_c45135 _d45135 |
||